000 00912nam a2200289Ia 4500
003 GCL
008 140319s9999 xx 000 0 ara d
040 _aGCL /
_cGCL
082 0 4 _a810.5
_bم ق
245 1 0 _aالثقافة الوطنية(2) الوطنى, العقلانى, الكونى
260 _a[S.N] :
_bمؤسسة عيبال للدراسات والنشر ،
_c1992
300 _a436 ص
490 _aقضايا وشهادات
_v0
650 0 4 _aالفلسفة الاسلامية
650 0 4 _aالعالم العربى
650 0 4 _aعلى عبدالرازق
650 0 4 _aالفلسفة العربية
650 0 4 _aالثقافة العربية
650 0 4 _aالحرية
650 0 4 _aالوطنية
650 0 4 _aالقومية العربية
650 0 4 _aالتنوير
650 0 4 _aالحداثة
650 0 4 _aالتحديث
650 0 4 _aابن سينا
942 _2ddc
_cBK
999 _c37199
_d37199